000 01008cam a22003253a 4500
001 32797
003 PGUSA
005 20140828083717.0
008 100613s2010||||xxu|||||s|||||000 | eng d
040 _aPGUSA
_beng
042 _adc
050 4 _aPR
100 1 _aShakespeare, William,
_d1564-1616
245 1 0 _aΟθέλλος :
_bΣαικσπείρου Τραγωδίαι Μέρος Β'
_h[electronic resource] /
_cWilliam Shakespeare
260 _bProject Gutenberg,
_c2010
500 _aTranslation of: Othello
506 _aPublic domain in the USA.
516 _aElectronic text
653 _aJealousy -- Drama
653 _aVenice (Italy) -- Drama
653 _aOthello (Fictitious character) -- Drama
653 _aTragedies
653 _aMuslims -- Drama
653 _aInterracial marriage -- Drama
700 1 _aVikelas, Demetrios,
_d1835-1908
740 0 _aOthello. Greek
830 0 _aProject Gutenberg
_v32797
856 4 0 _uhttp://www.gutenberg.org/ebooks/32797
942 _cEB
999 _c262052
_d262052